000 00816nam a22002295i 4500
001 159909
003 ES-MaACL
005 20230906211852.0
008 040914s1892 fr a |||| | fre d
040 _aCAM
_bspa
_cCAM
100 1 _aMolinier, Auguste.
_9130032
245 1 4 _aLes manuscrits et les miniatures /
_cpar Auguste Molinier.
260 _aParis :
_bLibrairie Hachette et c\pie\s,
_c1892 (
_fImprimerie Lahure)
300 _a333, 16 p. :
_bil. ;
_c18 cm.
490 1 _aBibliothèque des merveilles
505 8 _aLas 16 p. corresponden al catálogo de la Librairie Hachette & cie
650 4 _aManuscritos.
_9136456
650 4 _aMiniatura.
_9136509
830 0 _aBibliothèque des merveilles
_9182004
852 _aES-MaACL
_jD-974
_z-- Enc. hol. conservando la cub. original
999 _c159909
_d159909